000 00734nam a22002177a 4500
003 OSt
005 20230817111415.0
008 221006b |||||||| |||| 00| 0 eng d
040 _cBiblioteca Lado V
082 _a708
_bD575z
100 _9948
_aDikeou, Devon
_eeditora
245 _aZingmagazine/
_bA curatorial crossing/
260 _bAUTOMAT Industries
_c2003
_aNew York
300 _c28x21.5cm
_a350p.
_btiene hojas sueltas
490 _a18
_v2003
650 _2Tesauro de Arte & Arquitectura
_aARTE
_9703
650 _2Tesauro de Arte & Arquitectura
_aCOLECCION
650 _2Tesauro de Arte & Arquitectura
_aCURATOR
651 _2Tesauro de Arte & Arquitectura
_aNEW YORK
942 _2ddc
_c1
_h708
_iD575z
_n0
999 _c4159
_d4159